[Event "Titled Tue 17th Jun Late"]
[Site "chess.com INT"]
[Date "2025.06.17"]
[Round "5"]
[White "Garcia, Jhoel"]
[Black "Shandrygin, Nikita"]
[Result "0-1"]
[WhiteTitle "IM"]
[BlackTitle "FM"]
[WhiteElo "2293"]
[BlackElo "2209"]
[WhiteFideId "3801110"]
[BlackFideId "24198668"]
[EventDate "2025.06.17"]

1. e4 e5 2. Nf3 f5 3. d3 Nc6 4. Nc3 Bb4 5. Bd2 Nf6 6. Nd5 Bxd2+ 7. Qxd2 d6 8.
Nxf6+ Qxf6 9. Be2 O-O 10. O-O-O Be6 11. Kb1 a5 12. a3 Kh8 13. h3 Bg8 14. g4 fxe4
15. dxe4 Qf7 16. c4 Qe7 17. h4 Rf4 18. Ng5 Rxf2 19. Qe3 Rf6 20. h5 Nd4 21. h6
gxh6 22. Nh3 b5 23. g5 Rg6 24. gxh6 Nxe2 25. Qxe2 Bxc4 26. Qe3 b4 27. Rdg1 Rag8
28. Rxg6 Rxg6 29. axb4 axb4 30. Qa7 Be6 31. Qb8+ Rg8 32. Qxb4 Qf7 33. Qc3 Ba2+
34. Kc1 Be6 35. Rh2 Qf1+ 36. Kc2 Rg2+ 37. Rxg2 Qxg2+ 38. Kd3 Qxh3+ 0-1

[Event "Titled Tue 17th Jun Late"]
[Site "chess.com INT"]
[Date "2025.06.17"]
[Round "5"]
[White "Kramnik, Vladimir"]
[Black "Stribuk, Artiom"]
[Result "0-1"]
[WhiteTitle "GM"]
[BlackTitle "IM"]
[WhiteElo "2753"]
[BlackElo "2460"]
[WhiteFideId "4101588"]
[BlackFideId "13515659"]
[EventDate "2025.06.17"]

1. e4 c5 2. Nf3 d6 3. d4 cxd4 4. Nxd4 Nf6 5. Nc3 Nc6 6. Bg5 e6 7. Qd2 a6 8.
O-O-O Bd7 9. Kb1 Be7 10. f3 Nxd4 11. Qxd4 Qc7 12. h4 b5 13. Qd2 b4 14. Ne2 a5
15. Nd4 O-O 16. h5 h6 17. Be3 Rfc8 18. g4 e5 19. Nf5 Bxf5 20. gxf5 Kh7 21. b3 d5
22. exd5 Nxd5 23. Bd3 Bf6 24. Be4 Nc3+ 25. Kb2 a4 26. Ra1 Rd8 27. Qe1 a3+ 28.
Kc1 Rac8 29. Qf2 Nxe4 30. fxe4 Qc3 31. Rb1 Rd3 32. Rh3 Rxe3 0-1

[Event "Titled Tue 17th Jun Late"]
[Site "chess.com INT"]
[Date "2025.06.17"]
[Round "5"]
[White "Ali, Sebbar"]
[Black "Caruana, Fabiano"]
[Result "0-1"]
[WhiteTitle "IM"]
[BlackTitle "GM"]
[WhiteElo "2400"]
[BlackElo "2777"]
[WhiteFideId "8100977"]
[BlackFideId "2020009"]
[EventDate "2025.06.17"]

1. e4 c5 2. Nc3 Nc6 3. f4 g6 4. Nf3 Bg7 5. Bc4 Nd4 6. O-O d6 7. Nxd4 cxd4 8. Ne2
Nf6 9. d3 d5 10. Bb5+ Bd7 11. Bxd7+ Nxd7 12. Ng3 dxe4 13. dxe4 h5 14. e5 Nc5 15.
Qf3 e6 16. b4 h4 17. Ne2 Na4 18. Qxb7 O-O 19. Qb5 Nc3 20. Nxc3 dxc3 21. Be3 Qc8
22. Rad1 h3 23. g3 Rb8 24. Qd7 Qc4 25. Qd4 Qc6 26. Rf2 Rfc8 27. Rd3 Bf8 28. a3
a5 29. Qd7 Qa8 30. b5 Bxa3 31. b6 Bc5 32. Qb5 Rxb6 33. Qxb6 Bxb6 34. Bxb6 a4 0-1

[Event "Titled Tue 17th Jun Late"]
[Site "chess.com INT"]
[Date "2025.06.17"]
[Round "5"]
[White "Becking, Stephan"]
[Black "Clawitter, Craig"]
[Result "1-0"]
[WhiteTitle "IM"]
[WhiteElo "2410"]
[BlackElo "2050"]
[WhiteFideId "4632478"]
[BlackFideId "2023105"]
[EventDate "2025.06.17"]

1. d4 e6 2. Nf3 Nf6 3. c3 d5 4. Bg5 c5 5. e3 Be7 6. Nbd2 O-O 7. Bd3 b6 8. O-O
Ba6 9. Bxa6 Nxa6 10. Qe2 Nb8 11. Rad1 Nbd7 12. e4 Nxe4 13. Bxe7 Qxe7 14. Nxe4
dxe4 15. Qxe4 cxd4 16. Nxd4 Nc5 17. Qe5 Qf6 18. Qxf6 gxf6 19. Rd2 Rfd8 20. Rfd1
Rd5 21. Nc6 Rxd2 22. Rxd2 Kg7 23. h3 a5 24. Nd4 a4 25. Nb5 Ne4 26. Re2 f5 27. f3
Nc5 28. Rd2 Kf6 29. Rd6 Rb8 30. Kf2 f4 31. Rd4 e5 32. Rd6+ Kf5 33. Nc7 a3 34. b4
Na4 35. Nd5 Rc8 36. h4 Nxc3 37. Ne7# 1-0

[Event "Titled Tue 17th Jun Late"]
[Site "chess.com INT"]
[Date "2025.06.17"]
[Round "5"]
[White "Romany, Joy"]
[Black "Dylag, Emilia"]
[Result "1/2-1/2"]
[WhiteTitle "WIM"]
[BlackTitle "WFM"]
[WhiteElo "1960"]
[BlackElo "2086"]
[WhiteFideId "10656820"]
[BlackFideId "21805172"]
[EventDate "2025.06.17"]

1. d4 d5 2. c4 e6 3. g3 Nf6 4. Nf3 dxc4 5. Bg2 c6 6. O-O Be7 7. a4 O-O 8. Qc2 a6
9. Qxc4 b5 10. Qc2 Bb7 11. Nc3 Nbd7 12. Rd1 Qb6 13. Ne5 Nxe5 14. dxe5 Nd5 15. e4
Nb4 16. Qe2 c5 17. axb5 axb5 18. Rxa8 Rxa8 19. Qxb5 Qc7 20. Rd7 Qc6 21. Rxb7
Qxb5 22. Rxb5 Ra1 23. Rb8+ Bf8 24. Ne2 Nd3 25. Bf1 Nxc1 26. Nxc1 Rxc1 27. f4 Re1
28. Kf2 Rxe4 29. Bd3 Rb4 30. Rxb4 cxb4 31. b3 g6 32. Bc4 Bc5+ 33. Kf3 Kg7 34. h3
h6 35. g4 Kf8 36. Ke4 Ke7 37. f5 g5 38. Bb5 Bf2 39. Bc4 1/2-1/2

[Event "Titled Tue 17th Jun Late"]
[Site "chess.com INT"]
[Date "2025.06.17"]
[Round "5"]
[White "Krawczyk, Flawian"]
[Black "Todorovic, Bojan"]
[Result "1-0"]
[WhiteTitle "CM"]
[BlackTitle "FM"]
[WhiteElo "2247"]
[BlackElo "2111"]
[WhiteFideId "21881413"]
[BlackFideId "917087"]
[EventDate "2025.06.17"]

1. e4 g6 2. d4 Bg7 3. Nf3 d6 4. c3 Nc6 5. Bc4 Nf6 6. Qe2 O-O 7. h3 e5 8. dxe5
Nxe5 9. Nxe5 dxe5 10. O-O Qe7 11. Nd2 Be6 12. Bxe6 Qxe6 13. Nc4 Nd7 14. Ne3 c6
15. Qc4 Qxc4 16. Nxc4 Nc5 17. f3 Nd3 18. a4 Nxc1 19. Raxc1 Rfd8 20. Rfd1 Bh6 21.
Ra1 f6 22. a5 a6 23. Kf2 Bf8 24. Ke2 Kf7 25. g3 Ke6 26. f4 exf4 27. gxf4 f5 28.
e5 Be7 29. Nd2 Rd5 30. Nf3 c5 31. Rxd5 Kxd5 32. Rd1+ Ke6 33. h4 Rd8 34. Rh1 Rd7
35. h5 Bd8 36. hxg6 hxg6 37. Rh6 Rg7 38. b4 Kd5 39. Rh8 Be7 40. bxc5 Bxc5 41.
Kd3 Kc6 42. Kc4 b5+ 43. axb6 Bxb6 44. Nd4+ Kb7 45. e6 Bc7 46. Ne2 g5 47. fxg5 f4
48. Rf8 1-0

[Event "Titled Tue 17th Jun Late"]
[Site "chess.com INT"]
[Date "2025.06.17"]
[Round "5"]
[White "Terron Elena, Francisco M."]
[Black "Zlatin, Alexander"]
[Result "0-1"]
[WhiteTitle "FM"]
[BlackTitle "FM"]
[WhiteElo "2148"]
[BlackElo "2313"]
[WhiteFideId "2210576"]
[BlackFideId "2810549"]
[EventDate "2025.06.17"]

1. e4 e6 2. d4 d5 3. Nc3 dxe4 4. Nxe4 Nd7 5. Nf3 Ngf6 6. Bd3 Nxe4 7. Bxe4 Nf6 8.
Bd3 b6 9. O-O Bb7 10. Ne5 Qd5 11. Nf3 Bd6 12. c4 Qh5 13. Ne5 Qxd1 14. Rxd1 c5
15. Be3 Rd8 16. Be2 O-O 17. h3 Ne4 18. Nf3 Be7 19. dxc5 Bxc5 20. Bxc5 bxc5 21.
Rxd8 Rxd8 22. Rd1 Rxd1+ 23. Bxd1 Nd6 24. Nd2 Ba6 25. b3 f5 26. Bf3 Bb7 27. Bxb7
Nxb7 28. Nf3 Kf7 29. Ne5+ Kf6 30. Nc6 a6 31. f4 g5 32. g3 Nd6 33. Kg2 Ne4 34.
Nb8 a5 35. Nc6 h5 36. Nxa5 h4 37. fxg5+ Kxg5 38. gxh4+ Kf4 39. Nb7 Ke3 40. a4 f4
41. a5 f3+ 42. Kf1 Nd2+ 0-1

[Event "Titled Tue 17th Jun Late"]
[Site "chess.com INT"]
[Date "2025.06.17"]
[Round "5"]
[White "Yang, Daniel"]
[Black "Baturin-Vinogradov, Miroslav"]
[Result "0-1"]
[WhiteTitle "CM"]
[BlackTitle "CM"]
[WhiteElo "2198"]
[BlackElo "2046"]
[WhiteFideId "30976340"]
[BlackFideId "55745741"]
[EventDate "2025.06.17"]

1. Nf3 d5 2. g3 c6 3. Bg2 Bg4 4. O-O Nd7 5. d4 Ngf6 6. h3 Bh5 7. b3 e6 8. c4 Be7
9. Nc3 O-O 10. Bb2 h6 11. Rc1 Re8 12. Qc2 Bg6 13. Qd1 Rc8 14. Ne5 Nxe5 15. dxe5
Nd7 16. cxd5 cxd5 17. e4 d4 18. Qxd4 Bc5 19. Qd2 Nxe5 20. Rfd1 Qxd2 21. Rxd2
Red8 22. Nd5 exd5 23. Bxe5 d4 24. Rcd1 Re8 25. Bxd4 Bb4 26. Re2 Rcd8 27. Re3 Rd7
28. Red3 Red8 29. Kf1 Bc5 30. Bxc5 Rxd3 31. Rxd3 Rxd3 32. Bxa7 Rd1+ 33. Ke2 Ra1
34. Bd4 Rxa2+ 35. Kd3 f6 36. Bf3 Bf7 37. Bd1 Be6 38. h4 Kf7 39. f4 Rg2 40. Bf3
Rxg3 41. Ke2 Bxb3 42. Bf2 Rh3 43. Bg1 Bd1+ 44. Kxd1 Rxf3 0-1

[Event "Titled Tue 17th Jun Late"]
[Site "chess.com INT"]
[Date "2025.06.17"]
[Round "5"]
[White "Beulen, Marcel"]
[Black "Sroczynski, Maciej"]
[Result "1-0"]
[WhiteTitle "FM"]
[BlackTitle "FM"]
[WhiteElo "2359"]
[BlackElo "2236"]
[WhiteFideId "1001450"]
[BlackFideId "1121472"]
[EventDate "2025.06.17"]

1. e4 c5 2. Nf3 Nc6 3. Bb5 g6 4. O-O Bg7 5. Re1 Nf6 6. e5 Nd5 7. Nc3 Nc7 8. Bxc6
dxc6 9. Ne4 b6 10. h3 O-O 11. d3 Ne6 12. Be3 Nd4 13. Nxd4 cxd4 14. Bf4 Qd5 15.
Nd2 c5 16. a4 Bb7 17. f3 f6 18. exf6 exf6 19. b3 Rae8 20. Nc4 Bc6 21. Qd2 f5 22.
Bh6 Bxh6 23. Qxh6 Rxe1+ 24. Rxe1 Re8 25. Rxe8+ Bxe8 26. Qf4 Bf7 27. Qb8+ Kg7 28.
Qxa7 Qe6 29. Qxb6 Qe1+ 30. Kh2 f4 31. Qa5 Qg3+ 32. Kg1 Be6 33. Qd2 Bxh3 34. a5
Bc8 35. Nd6 Ba6 36. Ne4 Qh4 37. Nxc5 Bc8 38. a6 Qe7 39. b4 h5 40. Kf2 g5 41. Qe1
Qc7 42. Qe4 Bxa6 43. Qxd4+ Kh6 44. Qf6+ Kh7 45. Qxa6 Qe5 46. Qb7+ Kh6 47. Qc6+
Kh7 48. Qd7+ Kh6 49. Qe6+ 1-0

[Event "Titled Tue 17th Jun Late"]
[Site "chess.com INT"]
[Date "2025.06.17"]
[Round "5"]
[White "Kosakowski, Jakub"]
[Black "Haddouche, Mohamed"]
[Result "0-1"]
[WhiteTitle "GM"]
[BlackTitle "GM"]
[WhiteElo "2548"]
[BlackElo "2490"]
[WhiteFideId "1185080"]
[BlackFideId "7900660"]
[EventDate "2025.06.17"]

1. e4 e5 2. Nf3 d6 3. d4 exd4 4. Nxd4 Nf6 5. Nc3 Be7 6. Bf4 O-O 7. Qd2 d5 8.
O-O-O Bb4 9. Ndb5 c6 10. Nc7 Nxe4 11. Qe3 Nxc3 12. bxc3 Ba3+ 13. Kb1 Nd7 14.
Nxa8 Qa5 15. c4 Nc5 16. Ka1 Bb4 17. Be5 Re8 18. c3 Ba3 19. Nc7 Bf5 20. Bd3 d4
21. Qxd4 Nb3+ 22. axb3 Bc5+ 23. Kb2 Qa3+ 24. Kb1 Qxb3+ 25. Ka1 Qa3+ 26. Kb1 Bxd4
27. Bxd4 Re2 0-1

[Event "Titled Tue 17th Jun Late"]
[Site "chess.com INT"]
[Date "2025.06.17"]
[Round "5"]
[White "Antoniou, Rafail"]
[Black "Logachiov, Aleksandr"]
[Result "1-0"]
[WhiteTitle "CM"]
[BlackTitle "CM"]
[WhiteElo "2134"]
[BlackElo "2129"]
[WhiteFideId "5904390"]
[BlackFideId "24123706"]
[EventDate "2025.06.17"]

1. Nc3 d5 2. e4 d4 3. Nce2 c5 4. Ng3 Nc6 5. Nf3 e5 6. Bb5 Bd6 7. O-O Qc7 8. d3
Ne7 9. Nh4 O-O 10. Qh5 g6 11. Qh6 Nd8 12. Bg5 f6 13. Bc4+ Be6 14. Bxe6+ Nxe6 15.
Bd2 Nf4 16. Bxf4 exf4 17. Ne2 g5 18. Nf3 Ng6 19. h3 Rf7 20. c3 dxc3 21. bxc3 Ne5
22. Nxe5 Bxe5 23. d4 cxd4 24. cxd4 Bd6 25. Rac1 Qa5 26. e5 Bf8 27. Qh5 Qxa2 28.
Rfe1 fxe5 29. dxe5 f3 30. gxf3 Re8 31. e6 Rfe7 32. Nd4 Bg7 33. Nf5 Rxe6 34. Rxe6
Rxe6 35. Rc8+ Bf8 36. Qxg5+ Rg6 37. Ne7+ Kf7 38. Nxg6 Qb1+ 39. Kh2 Bd6+ 40. Nf4
Qb4 41. Qg8+ Ke7 42. Qe6# 1-0

[Event "Titled Tue 17th Jun Late"]
[Site "chess.com INT"]
[Date "2025.06.17"]
[Round "5"]
[White "Willim, Michael"]
[Black "Chiu, Isaac"]
[Result "0-1"]
[WhiteTitle "CM"]
[WhiteElo "2024"]
[BlackElo "2226"]
[WhiteFideId "4632435"]
[BlackFideId "30900654"]
[EventDate "2025.06.17"]

1. c4 Nf6 2. Nf3 g6 3. Nc3 Bg7 4. e4 d6 5. d4 O-O 6. Be2 e5 7. Be3 Na6 8. O-O
Qe7 9. dxe5 dxe5 10. Qc2 c6 11. Rad1 Ne8 12. Rd2 Be6 13. Rfd1 h6 14. Ne1 f5 15.
f3 Nf6 16. b3 b6 17. exf5 gxf5 18. Nd3 f4 19. Bf2 Bf5 20. Qc1 Rae8 21. c5 b5 22.
a3 e4 23. fxe4 Nxe4 24. Nxe4 Bxe4 25. Bh5 Rd8 26. b4 Nc7 27. Ne1 Nd5 28. Bf3
Rde8 29. Bh5 Rd8 30. Bf3 Bxf3 31. Nxf3 Rde8 32. Re1 Qf7 33. Rde2 Rxe2 34. Rxe2
Qf5 35. h3 Qd3 36. Qd2 Qxa3 37. Ne5 Qa1+ 38. Kh2 Bxe5 0-1

[Event "Titled Tue 17th Jun Late"]
[Site "chess.com INT"]
[Date "2025.06.17"]
[Round "5"]
[White "Zepeda Berlanga, Jan Enrique"]
[Black "Sinkar, Anagha Aniket"]
[Result "0-1"]
[WhiteTitle "CM"]
[BlackTitle "WCM"]
[WhiteElo "1984"]
[BlackElo "1776"]
[WhiteFideId "5132355"]
[BlackFideId "30974780"]
[EventDate "2025.06.17"]

1. e4 c5 2. Nf3 Nc6 3. d4 cxd4 4. Nxd4 g6 5. Nc3 Bg7 6. Nxc6 bxc6 7. Bc4 Nf6 8.
e5 Ng8 9. Bf4 Nh6 10. O-O O-O 11. Re1 Qb6 12. Bb3 Nf5 13. a4 Qb4 14. Re4 Qc5 15.
a5 Ba6 16. Qd2 d6 17. Na4 Qb5 18. g4 dxe5 19. gxf5 exf4 20. fxg6 hxg6 21. Qxf4
Rae8 22. Qg4 e6 23. Bc4 Qxa5 24. Bxa6 Qxa6 25. Rd1 Qb5 26. b3 Rd8 27. Ree1 Qa5
28. Qc4 Qf5 29. Nc5 Qg5+ 30. Kh1 Bf6 31. Ne4 Qh4 32. Nxf6+ Qxf6 33. Qd3 Rxd3 0-1

[Event "Titled Tue 17th Jun Late"]
[Site "chess.com INT"]
[Date "2025.06.17"]
[Round "5"]
[White "Holt, Conrad"]
[Black "Graif, William"]
[Result "1-0"]
[WhiteTitle "GM"]
[BlackTitle "FM"]
[WhiteElo "2540"]
[BlackElo "2211"]
[WhiteFideId "2034387"]
[BlackFideId "2609835"]
[EventDate "2025.06.17"]

1. d4 Nf6 2. c4 a6 3. Nc3 c5 4. d5 b5 5. e4 b4 6. Na4 d6 7. a3 a5 8. Bd3 e5 9.
f4 exf4 10. Bxf4 g6 11. Nf3 Nh5 12. Bg5 f6 13. Be3 Be7 14. O-O O-O 15. h3 Ng3
16. Re1 f5 17. e5 Nd7 18. e6 Nf6 19. Bh6 Re8 20. Ng5 Qc7 21. Qf3 Ngh5 22. g4
fxg4 23. hxg4 Ng7 24. Rf1 Rf8 25. Qh3 Bb7 26. Bxg7 Kxg7 27. Rxf6 Kxf6 28. Qh6
Ke5 29. Re1+ Kd4 30. Qh3 Bxg5 31. Bc2 Rf4 32. Qd3# 1-0

[Event "Titled Tue 17th Jun Late"]
[Site "chess.com INT"]
[Date "2025.06.17"]
[Round "5"]
[White "Gkavardinas, Antonios"]
[Black "Jasinski, Alexander"]
[Result "1-0"]
[WhiteTitle "FM"]
[WhiteElo "2278"]
[BlackElo "1989"]
[WhiteFideId "25883097"]
[BlackFideId "55627994"]
[EventDate "2025.06.17"]

1. b3 e6 2. Bb2 Nf6 3. f4 d6 4. Nf3 Be7 5. g3 c5 6. Bg2 Nc6 7. O-O Bd7 8. d3 d5
9. Nbd2 d4 10. c3 Ng4 11. Qc1 Ne3 12. Rf2 Nxg2 13. Kxg2 Bf6 14. Ne4 dxc3 15.
Bxc3 Nd4 16. Nd6+ Ke7 17. Nxb7 Qb6 18. Na5 Nxf3 19. Rxf3 Rhd8 20. Nc4 Qb7 21.
Bxf6+ gxf6 22. e4 Bc6 23. Na5 Qb6 24. Qc3 Rac8 25. Nxc6+ Rxc6 26. Rc1 Rd4 27.
Qb2 Qb5 28. Rc3 h5 29. Qc2 a5 30. Rc4 Rxc4 31. dxc4 Qb4 32. Rd3 Qe1 33. Qd2 Qa1
34. Rd8 f5 35. e5 1-0

[Event "Titled Tue 17th Jun Late"]
[Site "chess.com INT"]
[Date "2025.06.17"]
[Round "5"]
[White "Suarez, Pedro"]
[Black "Bouchet, Sebastien"]
[Result "1-0"]
[WhiteTitle "CM"]
[BlackTitle "CM"]
[WhiteElo "2066"]
[BlackElo "2180"]
[WhiteFideId "3007642"]
[BlackFideId "623571"]
[EventDate "2025.06.17"]

1. d4 e6 2. c4 Nf6 3. Nc3 Bb4 4. e3 Bxc3+ 5. bxc3 b6 6. Bd3 Bb7 7. f3 d6 8. Ne2
e5 9. O-O c5 10. d5 Nbd7 11. Ng3 Nf8 12. Qa4+ Qd7 13. Qxd7+ Kxd7 14. a4 a5 15.
Rb1 Kc7 16. f4 N8d7 17. Bd2 Rae8 18. Rb2 e4 19. Be2 h5 20. h4 Ba6 21. Rfb1 Rb8
22. Be1 Nf8 23. Nf5 g6 24. Nxd6 N8d7 25. Nxf7 Rhf8 26. Ng5 Kd6 27. Bg3 Ke7 28.
f5 Rbe8 29. fxg6 Rg8 30. Rf1 Rxg6 31. Rbb1 Nxd5 32. Rf7+ Kd8 33. cxd5 Bxe2 34.
Rb2 Bd3 35. Rbf2 Reg8 36. Bf4 c4 37. Ne6+ Kc8 38. Bg5 Ne5 39. Rf8+ Rxf8 40.
Rxf8+ Kd7 41. Rd8# 1-0

[Event "Titled Tue 17th Jun Late"]
[Site "chess.com INT"]
[Date "2025.06.17"]
[Round "5"]
[White "Ristic, Nebojsa M"]
[Black "Modric, Nesa"]
[Result "1-0"]
[WhiteTitle "IM"]
[BlackTitle "CM"]
[WhiteElo "2248"]
[BlackElo "2088"]
[WhiteFideId "900850"]
[BlackFideId "922579"]
[EventDate "2025.06.17"]

1. d4 d5 2. Bf4 Bf5 3. e3 e6 4. c4 Bd6 5. Bxd6 Qxd6 6. Qb3 Qb6 7. Nc3 c6 8. c5
Qc7 9. f4 Nf6 10. Nf3 Nbd7 11. Be2 O-O 12. Ne5 Ne4 13. Bf3 Nxe5 14. fxe5 Nxc3
15. Qxc3 f6 16. exf6 Rxf6 17. O-O-O Re8 18. Rdf1 e5 19. g4 exd4 20. exd4 Bg6 21.
Qd2 b6 22. g5 Rfe6 23. h4 bxc5 24. dxc5 Re3 25. h5 Bd3 26. Rf2 Qe7 27. b4 Qxg5
28. Bd1 Qe5 29. Qb2 Qxb2+ 30. Kxb2 Rf8 31. Rg1 Rxf2+ 32. Kc3 1-0

[Event "Titled Tue 17th Jun Late"]
[Site "chess.com INT"]
[Date "2025.06.17"]
[Round "5"]
[White "Salonen, Aku"]
[Black "Pakleza, Zbigniew"]
[Result "0-1"]
[WhiteTitle "FM"]
[BlackTitle "GM"]
[WhiteElo "2330"]
[BlackElo "2484"]
[WhiteFideId "517577"]
[BlackFideId "1119290"]
[EventDate "2025.06.17"]

1. d4 d6 2. Nf3 Bg4 3. g3 Bxf3 4. exf3 c6 5. Bg2 e6 6. O-O g6 7. f4 Bg7 8. Re1
Ne7 9. c4 d5 10. cxd5 cxd5 11. Be3 Nbc6 12. Nc3 O-O 13. g4 Qb6 14. Na4 Qa5 15.
a3 Rfc8 16. b4 Qd8 17. Qd3 Rc7 18. Rac1 Rac8 19. h3 Kf8 20. Qd2 Nb8 21. Bf1 Nd7
22. Nc5 Nf6 23. f3 Ne8 24. f5 exf5 25. Bf4 Nd6 26. Qh2 Bxd4+ 27. Kh1 Rc6 28. Qd2
Bf6 29. Bxd6 Qxd6 30. Nxb7 Qg3 31. Bg2 Be5 32. Kg1 Bf4 33. Rxc6 Bxd2 34. Rxc8+
Nxc8 35. Rd1 Be3+ 0-1

[Event "Titled Tue 17th Jun Late"]
[Site "chess.com INT"]
[Date "2025.06.17"]
[Round "5"]
[White "Papasimakopoulos, Alexandros"]
[Black "Oro, Faustino"]
[Result "0-1"]
[WhiteTitle "IM"]
[BlackTitle "IM"]
[WhiteElo "2366"]
[BlackElo "2465"]
[WhiteFideId "4244125"]
[BlackFideId "20000197"]
[EventDate "2025.06.17"]

1. d4 Nf6 2. c4 e6 3. Nc3 d5 4. cxd5 exd5 5. Bg5 c6 6. e3 h6 7. Bh4 Be7 8. Bd3
O-O 9. Qc2 Ne8 10. Bg3 Nd6 11. Nf3 Nd7 12. O-O Nf6 13. h3 Be6 14. Ne5 Rc8 15.
Rfd1 Re8 16. Rac1 Bf8 17. a3 Nfe4 18. Nxe4 Nxe4 19. Bxe4 dxe4 20. b4 Bd5 21. Nc4
Qf6 22. Na5 b6 23. Nc4 Qe6 24. Re1 Be7 25. Qc3 Red8 26. Red1 h5 27. a4 h4 28.
Be5 f6 29. Bh2 g5 30. Kh1 Kh8 31. Nd2 Rg8 32. Rg1 g4 33. hxg4 Qxg4 34. Rcf1 h3
35. gxh3 Qxh3 36. f4 exf3 37. e4 Rg2 38. Nxf3 Rxh2+ 39. Nxh2 Qxc3 40. exd5 Qxd4
41. dxc6 Qe4+ 42. Nf3 Rxc6 43. Rf2 Bd6 44. Kg2 Rc7 45. Rh1+ Rh7 0-1

[Event "Titled Tue 17th Jun Late"]
[Site "chess.com INT"]
[Date "2025.06.17"]
[Round "5"]
[White "Deac, Bogdan-Daniel"]
[Black "Hansen, Eric"]
[Result "1/2-1/2"]
[WhiteTitle "GM"]
[BlackTitle "GM"]
[WhiteElo "2674"]
[BlackElo "2609"]
[WhiteFideId "1226380"]
[BlackFideId "2606771"]
[EventDate "2025.06.17"]

1. d4 Nf6 2. c4 e6 3. Nc3 Bb4 4. e3 O-O 5. Bd3 d5 6. a3 Bxc3+ 7. bxc3 c5 8. Ne2
dxc4 9. Bxc4 Qc7 10. Ba2 b6 11. O-O Ba6 12. Bb2 Nc6 13. Rc1 Rad8 14. c4 Ne4 15.
Qc2 Nd6 16. dxc5 bxc5 17. Rfd1 Na5 18. Be5 f6 19. Bb1 g6 20. Bxd6 Rxd6 21. Nf4
Rfd8 22. Rxd6 Rxd6 23. Nxg6 hxg6 24. Qxg6+ Qg7 25. Qe8+ Qf8 26. Qg6+ Qg7 27.
Qe8+ Qf8 28. Bh7+ Kg7 29. Qg6+ Kh8 30. Qh5 Qg7 31. Bf5+ Kg8 32. Qe8+ Qf8 33.
Qg6+ Qg7 34. Qe8+ Qf8 35. Bh7+ Kg7 36. Qg6+ Kh8 37. Qh5 Qg7 38. Bf5+ Kg8 39.
Qe8+ 1/2-1/2

[Event "Titled Tue 17th Jun Late"]
[Site "chess.com INT"]
[Date "2025.06.17"]
[Round "5"]
[White "Pranav, V"]
[Black "Demchenko, Anton"]
[Result "1-0"]
[WhiteTitle "GM"]
[BlackTitle "GM"]
[WhiteElo "2595"]
[BlackElo "2619"]
[WhiteFideId "25060783"]
[BlackFideId "4160258"]
[EventDate "2025.06.17"]

1. e4 e5 2. Nf3 Nc6 3. Nc3 Nf6 4. Bb5 Bd6 5. d3 O-O 6. a3 Nd4 7. Bc4 c6 8. O-O
Bc7 9. Ba2 d5 10. h3 h6 11. exd5 cxd5 12. Nxd4 exd4 13. Ne2 Re8 14. Nxd4 Qd6 15.
Nf3 Bf5 16. Bd2 Qd7 17. Nh2 Re7 18. Re1 Rxe1+ 19. Bxe1 Re8 20. Qf3 Qd6 21. Nf1
Bg6 22. Bb4 Qe5 23. Bc3 d4 24. Bd2 Qb5 25. Bb3 Nd7 26. Qd5 Qxd5 27. Bxd5 Nc5 28.
Re1 Rxe1 29. Bxe1 b6 30. b3 a5 31. Nd2 Ne6 32. Nc4 Nf4 33. Bf3 f6 34. Bd2 Ne6
35. b4 axb4 36. Bxb4 Bf7 37. Kf1 1-0

[Event "Titled Tue 17th Jun Late"]
[Site "chess.com INT"]
[Date "2025.06.17"]
[Round "5"]
[White "Gustafsson, Jan"]
[Black "Yanev, Tihomir"]
[Result "0-1"]
[WhiteTitle "GM"]
[BlackTitle "IM"]
[WhiteElo "2591"]
[BlackElo "2354"]
[WhiteFideId "4625498"]
[BlackFideId "2910110"]
[EventDate "2025.06.17"]

1. Nf3 d5 2. e3 Nf6 3. c4 c6 4. Nc3 e6 5. b3 Nbd7 6. Bb2 Bd6 7. Qc2 Qe7 8. Be2
O-O 9. O-O e5 10. cxd5 Nxd5 11. Ne4 Bc7 12. Ng3 g6 13. d4 Re8 14. dxe5 Nxe5 15.
Nd4 Bg4 16. Rae1 Rad8 17. f4 Nxe3 18. Qc3 Nxf1 19. Bxg4 Nxg3 20. Qxg3 Bb6 21.
Rxe5 Rxd4 22. Kf1 Qd8 23. Bxd4 Bxd4 24. Rxe8+ Qxe8 25. Qd3 Qe3 26. Qxe3 Bxe3 27.
g3 f5 28. Be2 Kf7 29. Bc4+ Kf6 30. Bg8 h6 31. Kg2 g5 32. Kf3 gxf4 33. gxf4 Bc1
34. h3 b6 35. Bh7 Bd2 36. Bg8 Bc1 37. a4 b5 38. axb5 cxb5 39. Bd5 a5 40. Bg8 a4
41. bxa4 bxa4 42. Ba2 Ke7 43. Bb1 a3 44. Ba2 Kd6 45. h4 Kc5 46. Be6 Kd4 47. Bf7
Kc3 48. h5 Kb2 0-1

[Event "Titled Tue 17th Jun Late"]
[Site "chess.com INT"]
[Date "2025.06.17"]
[Round "5"]
[White "Rees, Ioan"]
[Black "Rodrigues, Leonardo De Miranda"]
[Result "0-1"]
[WhiteTitle "FM"]
[WhiteElo "2280"]
[BlackElo "2111"]
[WhiteFideId "1801236"]
[BlackFideId "2108658"]
[EventDate "2025.06.17"]

1. Nf3 f5 2. d3 Nf6 3. e4 d6 4. Nc3 e5 5. exf5 Bxf5 6. d4 e4 7. Nh4 Bg4 8. Be2
Be6 9. Bg5 d5 10. Qd2 Be7 11. f3 O-O 12. fxe4 Nxe4 13. Nxe4 dxe4 14. Bxe7 Qxe7
15. g3 Nc6 16. O-O-O Rad8 17. Qc3 Rf2 18. Bc4 Kh8 19. a3 Bg4 20. Rdf1 Rxf1+ 21.
Rxf1 Nxd4 22. Kb1 b5 23. Ba2 c5 24. Qe3 g5 25. Ng2 Bf3 26. Ne1 Nf5 27. Qc1 Rd1
28. Qxd1 Bxd1 29. Rxf5 e3 30. h4 gxh4 31. gxh4 c4 32. a4 Qxh4 33. Ng2 Qh1 34.
Nxe3 Bf3+ 35. Nd1 Qxd1# 0-1

[Event "Titled Tue 17th Jun Late"]
[Site "chess.com INT"]
[Date "2025.06.17"]
[Round "5"]
[White "Vazelakis, Dimitrios"]
[Black "Tao, Sihan"]
[Result "0-1"]
[BlackTitle "FM"]
[WhiteElo "1857"]
[BlackElo "2202"]
[WhiteFideId "4203674"]
[BlackFideId "30982677"]
[EventDate "2025.06.17"]

1. d4 Nf6 2. Nf3 d5 3. g3 Bf5 4. Bg2 e6 5. O-O c5 6. c4 Nc6 7. Nc3 dxc4 8. Qa4
Be7 9. Ne5 O-O 10. Nxc6 bxc6 11. dxc5 Bxc5 12. Qxc4 Bb6 13. Rd1 Qe7 14. Qxc6
Rac8 15. Qd6 Qxd6 16. Rxd6 Ng4 17. e3 Ne5 18. e4 Bg6 19. h3 Rfd8 20. Rxd8+ Rxd8
21. Bf4 Nd3 22. Nd1 Nxf4 23. gxf4 Rd2 24. Ne3 Rxb2 25. Rc1 h5 26. Rc2 Rxc2 27.
Nxc2 Bc7 28. f5 exf5 29. exf5 Bxf5 30. Ne3 Be6 31. Bd5 Bxh3 32. Nc4 Bb6 33. Nxb6
axb6 34. f4 Be6 35. Bb3 Bxb3 36. axb3 Kh7 37. Kf2 Kg6 38. Kg3 Kf5 39. Kh4 g6 40.
Kg3 Ke4 41. b4 b5 0-1